000 01309nam0a22002651 4500
001 rc\2805673
005 20230602140200.0
035 _a(NLR Aleph) 006931591
090 _a7552991
_c7552991
100 _a20110915d1936 |||y0rusy50 ca
101 0 _arus
102 _aRU
105 _aa z |||||
200 1 _aРучные ленточные электропилы по дереву
_eИнструкция для пользования электрифицированным инструментом
_fИнж. А. А. Орлов
_gПод ред. проф. Н. С. Дюрнбаум, М. В. Кожина
_gНКТП. Главстройпром СССР. Центр. бюро стандартизации
210 _aМосква
_aЛенинград
_cОнти
_cГлав. ред. строит. лит-ры
_d1936
_eМосква
_gшкола ФЗУ треста "Полиграфкнига"
215 _a24 с., 1 с. "Предисловие" на обл.
_cил.
_d17х13 см.
700 1 _aОрлов
_bА. А.
_cинженер
_gАлексей Алексеевич
_3RU\NLR\AUTH\770243078
702 1 _aКожин
_bМ. В.
_4340
702 1 _aДюрнбаум
_bН. С.
_4340
801 0 _aRU
_bNLR
_gpsbo
801 1 _aRU
_bELAR
_2rusmarc
852 _aNLR
_j36-9/578
942 _cBOOK
980 _aNB